| Tag |
First Indicator |
Second Indicator |
Subfields |
| LEADER |
00000cam a22000008a 4500 |
| 001 |
in00001256021 |
| 005 |
20151003085010.0 |
| 008 |
950406s1995 iaua b s001 0 eng |
| 010 |
|
|
|a 95015040
|
| 020 |
|
|
|a 0813803187 (alk. paper)
|
| 035 |
|
|
|a (OCoLC)32347750
|
| 035 |
|
|
|9 AGV0604AM
|
| 040 |
|
|
|a DLC
|c DLC
|d GZM
|d TXA
|d UtOrBLW
|
| 049 |
|
|
|a TXAM
|
| 050 |
0 |
0 |
|a TT649
|b .W37 1995
|
| 082 |
0 |
0 |
|a 687
|2 20
|
| 100 |
1 |
|
|a Watkins, Susan M.,
|d 1943-
|
| 245 |
1 |
0 |
|a Clothing :
|b the portable environment /
|c Susan M. Watkins.
|
| 250 |
|
|
|a 2nd ed.
|
| 264 |
|
1 |
|a Ames :
|b Iowa State University Press,
|c 1995.
|
| 300 |
|
|
|a xviii, 372 pages :
|b illustrations ;
|c 26 cm.
|
| 336 |
|
|
|a text
|b txt
|2 rdacontent
|
| 337 |
|
|
|a unmediated
|b n
|2 rdamedia
|
| 338 |
|
|
|a volume
|b nc
|2 rdacarrier
|
| 504 |
|
|
|a Includes bibliographical references (pages 357-361) and index.
|
| 650 |
|
0 |
|a Clothing and dress.
|
| 999 |
|
|
|a MARS
|
| 999 |
f |
f |
|s bb29b404-b89b-3dcb-86f5-b7fa402aeebb
|i 39f7d7f7-2886-3fc4-b194-aece1b28e283
|t 0
|
| 952 |
f |
f |
|p ric
|a Texas A&M University
|b Rellis Campus
|c Joint Library Facility
|d Remote Storage
|t 0
|e TT649 .W37 1995
|h Library of Congress classification
|i unmediated -- volume
|m A14819601608
|
| 998 |
f |
f |
|a TT649 .W37 1995
|t 0
|l Remote Storage
|